Desarrollo de la capacidad creadora.
Bewaard in:
| Hoofdauteur: | |
|---|---|
| Andere auteurs: | |
| Formaat: | Boek |
| Taal: | Spaans |
| Gepubliceerd in: |
Buenos Aires, Argentina:
Editorial Kapelusz,
1972.
|
| Reeks: | Biblioteca de cultura pedagógica.,
|
| Onderwerpen: | |
| Tags: |
Voeg label toe
Geen labels, Wees de eerste die dit record labelt!
|
MARC
| LEADER | 00000nam a2200000 a 4500 | ||
|---|---|---|---|
| 001 | UCZ0416 | ||
| 003 | CL-VaPUC | ||
| 005 | 20240822162917.0 | ||
| 008 | 950728t19720000AG |||||||||||||||||spa|d | ||
| 999 | |c 237346 |d 237344 | ||
| 040 | |c Pontificia Universidad Católica de Valparaíso | ||
| 082 | 0 | 7 | |a 370.157 LOW 1972 |2 22 |
| 100 | |a Lowenfeld, Viktor |e autor |9 542638 | ||
| 245 | 1 | 0 | |a Desarrollo de la capacidad creadora. |
| 260 | |a Buenos Aires, Argentina: |b Editorial Kapelusz, |c 1972. | ||
| 300 | |a 415 páginas. | ||
| 490 | 0 | |a Biblioteca de cultura pedagógica., |n 122. | |
| 500 | |a c.1 donación memo de Biblioteca de Educación 14 de agosto de 2024. | ||
| 583 | |a last modification |c 19950728 00:00:00 |k Rodrigo Vera | ||
| 650 | 0 | |a Creatividad |9 310816 | |
| 650 | 0 | |a Educación artística |9 269035 | |
| 650 | 0 | |a Arte |9 265238 | |
| 650 | 0 | |a Educación básica |9 224933 | |
| 650 | 0 | |a Estética |9 264950 | |
| 650 | 0 | |a Expresión |2 CL-VaPUC |9 340759 | |
| 650 | 0 | |a Niños |9 255605 | |
| 700 | 0 | |a Brittain, W. Lambert |e autor |9 343241 | |
| 942 | |c BK |2 ddc | ||
| 945 | |d 19950728 00:00:00 |a mfernand | ||
| 952 | |0 0 |1 0 |4 0 |6 370_157000000000000_LOW_1972 |7 0 |8 P |9 246303 |a BIBEDU |b BIBEDU |c BIBEDU_PB |d 2019-11-18 |i 154649K |o 370.157 LOW 1972 |p 154649K |r 2024-01-25 |w 2019-11-18 |y BK |k EDU | ||
| 952 | |0 0 |1 0 |4 0 |6 370_157000000000000_LOW_1972 |7 0 |8 P |9 246304 |a BIBEDU |b BIBEDU |c BIBEDU_PB |d 2019-11-18 |i 1546503 |o 370.157 LOW 1972 |p 1546503 |r 2024-01-25 |w 2019-11-18 |y BK |k EDU | ||
| 952 | |0 0 |1 0 |4 0 |6 370_157000000000000_LOW_1972 |7 0 |8 P |9 246305 |a BIBEDU |b BIBEDU |c BIBEDU_PB |d 2019-11-18 |i 1546511 |l 1 |o 370.157 LOW 1972 |p 1546511 |r 2024-01-25 |s 2023-05-11 |w 2019-11-18 |y BK |k EDU | ||
| 952 | |0 0 |1 0 |4 0 |6 370_157000000000000_LOW_1972 |7 0 |8 P |9 246306 |a BIBEDU |b BIBEDU |c BIBEDU_PB |d 2019-11-18 |i 154652K |o 370.157 LOW 1972 |p 154652K |r 2024-01-25 |w 2019-11-18 |y BK |k EDU | ||
| 952 | |0 0 |1 0 |4 0 |6 370_157000000000000_LOW_1972 |7 0 |8 P |9 246307 |a BIBEDU |b BIBEDU |c BIBEDU_PB |d 2019-11-18 |i 1546538 |l 1 |o 370.157 LOW 1972 |p 1546538 |r 2024-01-25 |s 2023-05-11 |w 2019-11-18 |y BK |k EDU | ||
| 952 | |0 0 |1 0 |4 0 |6 370_157000000000000_LOW_1972 |7 0 |8 P |9 246308 |a BIBEDU |b BIBEDU |c BIBEDU_PB |d 2019-11-18 |i 1546546 |o 370.157 LOW 1972 |p 1546546 |r 2024-01-25 |w 2019-11-18 |y BK |k EDU | ||
| 952 | |0 0 |1 0 |4 0 |6 370_157000000000000_LOW_1972 |7 0 |8 P |9 246309 |a BIBEDU |b BIBEDU |c BIBEDU_PB |d 2019-11-18 |i 1546554 |o 370.157 LOW 1972 |p 1546554 |r 2024-01-25 |w 2019-11-18 |y BK |k EDU | ||
| 952 | |0 0 |1 0 |4 0 |6 370_157000000000000_LOW_1972 |7 0 |8 P |9 246310 |a BIBEDU |b BIBEDU |c BIBEDU_PB |d 2019-11-18 |i 1546562 |o 370.157 LOW 1972 |p 1546562 |r 2024-01-25 |w 2019-11-18 |y BK |k EDU | ||
| 952 | |0 0 |1 0 |4 0 |6 370_157000000000000_LOW_1972 |7 0 |8 P |9 246311 |a BIBEDU |b BIBEDU |c BIBEDU_PB |d 2019-11-18 |i 1550225 |o 370.157 LOW 1972 |p 1550225 |r 2024-01-25 |w 2019-11-18 |y BK |k EDU | ||
| 952 | |0 0 |1 0 |2 ddc |4 0 |6 370_157000000000000_LOW_1972 |7 0 |9 596366 |a BIBEDU |b BIBEDU |d 2024-08-22 |i 5662464 |o 370.157 LOW 1972 |p 5662464 |r 2024-08-22 |t 10 |w 2024-08-22 |y BK |k PSI | ||